| 000 | 00662nam a2200193 i 4500 | ||
|---|---|---|---|
| 001 | 131183 | ||
| 003 | ES-MaACL | ||
| 005 | 20250425172432.0 | ||
| 007 | t| | ||
| 008 | 070214s1945 ag r ||||1| spa d | ||
| 100 | 1 |
_aRobinet, Jean-François-Eugène. _998991 |
|
| 245 | 1 | 0 |
_aCondorcet _b: su vida y su obra / _cJ. F. Robinet ; traducción del francés por Sara Jaroslavsky. |
| 260 |
_aBuenos Aires : _bAmericalee, _c1945. |
||
| 300 |
_a363 p. ; _c21 cm. |
||
| 600 | 1 | 4 |
_aCondorcet, Jean Antoine Nicolas de Caritat, _cmarquis de, _d1743-1794 _9240091 |
| 700 | 1 |
_aJaroslavsky, Sara. _9154507 |
|
| 852 |
_aES-MaACL _jC-4409 _bR.24229 |
||
| 999 |
_c131183 _d131183 |
||